000 00502nam a2200193Ia 4500
005 20250923144906.0
008 008 250917s9999 xx 000 0 eng d
037 _aTextual
040 _aDSWL
_beng
_cDSWL
041 _aeng
_2eng
084 _aYX,ZIx2,N45, N62
_qDSWL
245 0 _aKasturba Memorial
260 _aIndore
_bKasturba Gandhi Nati
_c1962
300 _a244p.
365 _aINR
_b12
925 _g12
942 _cTEXL
_hYX,ZIx2,N45, N62
999 _c1444647
_d1444647